000 00470nam a2200133 a 4500
008 120416s1965 ||||||||||||||||| || u
050 _aBF 131 Rea
100 _aTeevan, Richard C
245 1 0 _aReadings for introductory psychology
260 _aNew York
_bHarcourt
_c1965
350 _a0.00
650 3 _aPSYCHOLOGY
995 _D0.00
_FCBU-MAIN LIBRARY (Kitwe)
_H1
_I25.00
_UAVAILABLE
_ZMain Library Open Access Collection
999 _c55653
_d55653